000 00789nam a22001457a 4500
999 _c520872
_d520872
008 221026b ||||| |||| 00| 0 eng d
100 _aWadhwa, Manjula
_935541
245 _aRoadmap for rural iindustrialisation
260 _aKurushetra
300 _a70(10), Aug, 2022: p.32-35
520 _aA strong linkage between form and non-form sectors needs to be developed for augmenting income and creating jobs in rural areas-form-sector driven industrialization may be evolved from production to processing and marketing. Such a linkage will help the form sector to produce market driven commodities, reduce transpiration costs, receive remunerative prices of farm gote, and minimise form waste. – Reproduced
773 _aKurushetra
906 _aRURAL INDUSTRIES
942 _cAR